<A> Bottom-up approach to employment: does it have an impact on health equity?

Rómska populácia a jej problémy. Hygiena, ubytovanie, prevencia a mentálne zdravie. Snaha o integráciu rómskej komunity na trh práce.

Na minha lista:
Detalhes bibliográficos
Autor principal: Bosáková, Lucia
Outros Autores: Madarasová Gecková, Andrea, Kolarčik, Peter, Bobáková, Daniela, Dankulincová, Zuzana
Formato: Capítulo de Livro
Idioma:inglês
Assuntos:
Tags: Adicionar Tag
Sem tags, seja o primeiro a adicionar uma tag!

MARC

LEADER 00000naa a2200000 4500
001 0214435
005 20240502083538.4
041 0 |a eng 
044 |a GB 
245 1 0 |a <A> Bottom-up approach to employment: does it have an impact on health equity?  |c Lucia Bosáková, Andrea Madarasová Gecková, Peter Kolarčik, Daniela Bobáková, Zuzana Dankulincová Veselská 
500 |a Abstrakt 
520 |a Rómska populácia a jej problémy. Hygiena, ubytovanie, prevencia a mentálne zdravie. Snaha o integráciu rómskej komunity na trh práce. 
610 2 0 |a Rómovia 
610 2 0 |a trh práce 
610 2 0 |a starostlivosť o zdravie 
610 2 0 |a marginalizmus 
100 1 |a Bosáková, Lucia 
700 1 |a Madarasová Gecková, Andrea 
700 1 |a Kolarčik, Peter 
700 1 |a Bobáková, Daniela 
700 1 |a Dankulincová, Zuzana